000 00517nam a2200145Ia 4500
008 100204s9999 xx 000 0 und d
082 _b8924
100 _aसोहोनी रा. वि./ परांजपे सुरेश
245 _aहॅलेख धूमकेतू
260 _b"पृथ्वी प्रकाशन , मुंबई"
_c1985
300 _a62
630 _aहॅलेख धूमकेतू
730 _aहॅलेख धूमकेतू
942 _cBOOK
999 _c453360
_d453357